000 00603nam a2200217 a 4500
005 20140310183250.0
008 041019s19uu xx 00 eng d
020 _a0071412077
050 _aQR 46
_b.B873 2004
100 _aBrooks, Geo F.
245 _aJawets, Melnick, & Adelberg's medical microbiology /
_cGeo F. Brooks.
250 _aInternational ed.
260 _aU.S.A :
_bMc-Graw-Hill,
_c2004.
300 _a818 p. :
_c24 cm.
521 _aNUR
650 _aMedical microbiology.
700 _aButel, Janet S.
700 _aMorse, Stephen A.
942 _cBK
_2lcc
_kFOR
999 _c20761
_d20761